The Key Elements of Business Models of Slovak Retail Companies as a Basis for Their Ability to Respond to European Challenges in Terms of Environmental, Social, and Economic Aspects of Their Value Offer for the Customer

Obchodný model alebo ekonomický model je kľúčovým prvkom úspechu každého podnikania. Určuje, ako spoločnosť generuje zisky, aby bola zisková. Článok sa zameriava na identifikáciu kľúčových prvkov obchodných modelov slovenských maloobchodných spoločností, ktoré charakterizujú zmenu v spôsobe ich podn...

Full description

Saved in:
Bibliographic Details
Main Author: Kita, Pavol
Other Authors: Žambochová, Marta, Čvirik, Marián, 1992-, Kitová Mazalánová, Veronika
Format: Book Chapter
Language:English
Subjects:
Tags: Add Tag
No Tags, Be the first to tag this record!

MARC

LEADER 00000naa$a2200000$$$4500
001 0303912
005 20250930100000.4
041 0 |a eng 
044 |a CH 
245 1 0 |a The Key Elements of Business Models of Slovak Retail Companies as a Basis for Their Ability to Respond to European Challenges in Terms of Environmental, Social, and Economic Aspects of Their Value Offer for the Customer  |c Pavol Kita, Marta Žambochová, Marián Čvirik, Veronika Kitová Mazalánová 
520 |a Obchodný model alebo ekonomický model je kľúčovým prvkom úspechu každého podnikania. Určuje, ako spoločnosť generuje zisky, aby bola zisková. Článok sa zameriava na identifikáciu kľúčových prvkov obchodných modelov slovenských maloobchodných spoločností, ktoré charakterizujú zmenu v spôsobe ich podnikania. Článok poskytuje prehľad uvedenej problematiky z hľadiska vybraných foriem maloobchodných predajní v Bratislave, ktorých predajná plocha presahuje 700 m2 a ktoré zásobujú väčšinu obyvateľov hlavného mesta. 
610 2 0 |a modely ekonomické 
610 2 0 |a maloobchod 
610 2 0 |a inovácie technologické 
610 2 0 |a podnik 
610 2 0 |a digitalizácia 
610 2 0 |a ponuka 
100 1 |a Kita, Pavol 
700 1 |a Žambochová, Marta 
700 1 |a Čvirik, Marián, 1992- 
700 1 |a Kitová Mazalánová, Veronika